Comer y vivir en Guadalajara (Record no. 9285)

MARC details
000 -CABECERA
campo de control de longitud fija 00727nam a2200241 a 4500
001 - NÚMERO DE CONTROL
campo de control BRL_473
005 - FECHA Y HORA DE LA ÚLTIMA TRANSACCIÓN
campo de control 20190320210746.0
008 - DATOS DE LONGITUD FIJA--INFORMACIÓN GENERAL
campo de control de longitud fija 190813s1996----mx-a######---#000-0#spa-#
020 ## - NÚMERO INTERNACIONAL ESTÁNDAR DEL LIBRO
Número Internacional Estándar del Libro 9686959440
041 ## - CÓDIGO DE LENGUA
Código de lengua del texto/banda sonora o título independiente spa
044 ## - CÓDIGO DEL PAÍS DE LA ENTIDAD EDITORA/PRODUCTORA
Código MARC del país mx
050 #4 - SIGNATURA TOPOGRÁFICA DE LA BIBLIOTECA DEL CONGRESO
Número de clasificación TX716.M4
Número de documento/Ítem .B64 1996
100 1# - ENTRADA PRINCIPAL--NOMBRE DE PERSONA
Nombre de persona Boehm de Lameiras, Brigitte
9 (RLIN) 24023
245 10 - MENCIÓN DE TÍTULO
Título Comer y vivir en Guadalajara
Resto del título divertimento histórico-culinario
Mención de responsabilidad, etc. Brigitte Boehm de Lameiras
260 ## - PUBLICACIÓN, DISTRIBUCIÓN, ETC.
Lugar de publicación, distribución, etc. Zapopan, Jalisco
Nombre del editor, distribuidor, etc. Colegio de Jalisco
Fecha de publicación, distribución, etc. 1996
300 ## - DESCRIPCIÓN FÍSICA
Extensión xvii, 193 p.
Otras características físicas il.
Dimensiones 21 cm.
500 ## - NOTA GENERAL
Nota general Au502
650 14 - PUNTO DE ACCESO ADICIONAL DE MATERIA--TÉRMINO DE MATERIA
Término de materia o nombre geográfico como elemento de entrada Cocina mexicana
9 (RLIN) 24024
650 14 - PUNTO DE ACCESO ADICIONAL DE MATERIA--TÉRMINO DE MATERIA
Término de materia o nombre geográfico como elemento de entrada Gastronomía
9 (RLIN) 21074
651 #4 - PUNTO DE ACCESO ADICIONAL DE MATERIA--NOMBRE GEOGRÁFICO
Nombre geográfico Guadalajara, México
Subdivisión general Vida social y costumbres
9 (RLIN) 24025
902 ## - CATALOGADOR
Iniciales GRL
942 ## - ELEMENTOS DE PUNTO DE ACCESO ADICIONAL (KOHA)
Fuente del sistema de clasificación o colocación Library of Congress Classification
Tipo de ítem Koha Libros
Holdings
Estado de retiro Estado de pérdida Estado dañado No para préstamo Localización permanente Ubicación/localización actual Fecha de adquisición Número de inventario Total de préstamos Signatura topográfica completa Código de barras Fecha visto por última vez Precio válido a partir de Tipo de ítem Koha
El ejemplar forma parte de la colección y puede ser consultado según las políticas vigentes.       Biblioteca Centro de Estudios Ruth D. Lechuga Biblioteca Centro de Estudios Ruth D. Lechuga 19/08/2013 Au502   TX716.M4 .B64 1996 (Au502) GRL00508 22/03/2019 22/03/2019 Libros